000
00277nam a2200109Ia 4500
008
200302s9999 xx 000 0 und d
100
_a
Zone Attive
245
_a
40 The New Generation of Interantional Architecture
260
_b
Skira Milano
260
_c
2002
300
_a
237 P.,
999
_c
1970
_d
1970